Génaro Vázquez y Lucio Cabañas : tensiones de la memoria y movilización social /
Obra que a partir de la memoria colectiva reflexiona sobre las causas encabezadas por los guerrilleros y profesores mexicanos Génaro Vázquez y Lucio Cabañas. Aborda las condiciones del campesinado en las regiones de Guerrero y Michoacán, la figura del guerrillero mexicano, la criminalización de las...
Сохранить в:
| Главный автор: | |
|---|---|
| Формат: | |
| Язык: | испанский |
| Опубликовано: |
México :
Universidad Iberoamericana Ciudad de México : Bonilla Artigas Editores,
2025, c2025
|
| Серии: | (Colección Pública Bonilla Artigas. Memoria ;
23) |
| Предметы: | |
| Метки: |
Нет меток, Требуется 1-ая метка записи!
|
MARC
| LEADER | 00000nam^a2200000^a^4500 | ||
|---|---|---|---|
| 001 | 000622397 | ||
| 005 | 20260408000000.0 | ||
| 009 | 20260409133035.753 | ||
| 020 | |a 978-607-2644-38-0 | ||
| 020 | |a 978-607-2629-59-2 | ||
| 037 | |a Acervo ITESO - Biblioteca | ||
| 041 | |a ESP | ||
| 082 | |a 320. 9720636 |b LOP | ||
| 100 | |a López Menéndez, Marisol |e (coordinación) | ||
| 245 | 1 | 0 | |a Génaro Vázquez y Lucio Cabañas : |b tensiones de la memoria y movilización social / |c Cood. de M. López Menéndez, A. Carpio Pérez, J. Mendoza García. |
| 264 | 4 | |a México : |b Universidad Iberoamericana Ciudad de México : |b Bonilla Artigas Editores, |c 2025, c2025 | |
| 300 | |a 246 p. | ||
| 336 | |a texto |b txt |2 rdacontenido | ||
| 337 | |a sin mediación |b n |2 rdamedio | ||
| 338 | |a volumen |b nc |2 rdasoporte | ||
| 440 | 1 | |a (Colección Pública Bonilla Artigas. |p Memoria ; |v 23) | |
| 520 | |a Obra que a partir de la memoria colectiva reflexiona sobre las causas encabezadas por los guerrilleros y profesores mexicanos Génaro Vázquez y Lucio Cabañas. Aborda las condiciones del campesinado en las regiones de Guerrero y Michoacán, la figura del guerrillero mexicano, la criminalización de las luchas, la violencia y la lucha de clases. | ||
| 649 | |a XX | ||
| 650 | |a Revolucionarios Mexicanos | ||
| 650 | |a Guerrilla - |z Michoacán - |x Historia | ||
| 650 | |a Guerrilla - |z Guerrero - |x Historia | ||
| 650 | |a Guerrilla - |z México - |x Historia | ||
| 650 | |a Izquierda, La - |z México - |x Historia | ||
| 650 | |a Política - |z Michoacán - |x Historia - |y 1964-1970 | ||
| 650 | |a Política - |z Michoacán - |x Historia - |y 1970-1976 | ||
| 650 | |a Política - |z Michoacán - |x Historia - |y Siglo XX | ||
| 650 | |a Política - |z Guerrero - |x Historia - |y 1964-1970 | ||
| 650 | |a Política - |z Guerrero - |x Historia - |y 1970-1976 | ||
| 650 | |a Política - |z Guerrero - |x Historia - |y Siglo XX | ||
| 650 | |a Política - |z México - |x Historia - |y 1946-2000 | ||
| 650 | |a Política - |z México - |x Historia - |y Siglo XX | ||
| 650 | |a Vázquez, Genaro - |x Tema Principal | ||
| 650 | |a Cabañas, Lucio - |x Tema Principal | ||
| 910 | |a Fondo General | ||
| 920 | |a Impresos - Libros | ||
| 930 | |a Colección General | ||
| 905 | |a 101 | ||
| 901 | |a 622397-10 |b IT1 |c ACC |i D132055 |u 20251009 | ||
| 901 | |a 622397-20 |b IT1 |c ACC |i D132174 |u 20260408 | ||
| 902 | |a https://opac.biblio.iteso.mx/vufind/Record/000622397 | ||